Statistics for Easy Sudoku #3

Click here to take the quiz!

General Stats

  • This quiz has been taken 286 times
  • The average score is 47 of 50

Answer Stats

HintAnswer% Correct
1-66
97%
8-11
96%
6-33
96%
7-33
96%
1-44
96%
9-44
96%
4-66
96%
7-77
96%
7-88
96%
1-11
95%
6-11
95%
5-11
95%
3-11
95%
4-22
95%
6-22
95%
8-22
95%
9-22
95%
6-44
95%
8-44
95%
9-55
95%
9-66
95%
7-66
95%
8-77
95%
2-77
95%
9-77
95%
6-88
95%
9-88
95%
8-99
95%
9-99
95%
4-11
94%
5-22
94%
3-22
94%
1-33
94%
5-33
94%
4-33
94%
2-33
94%
5-44
94%
5-55
94%
2-55
94%
5-77
94%
4-77
94%
1-77
94%
5-88
94%
5-99
94%
3-55
93%
1-55
93%
2-88
93%
1-99
93%
3-99
93%
2-99
92%

Score Distribution

Percentile by Number Answered

Percent of People with Each Score

Your Score History

You have not taken this quiz